000 00374nam a2200145Ia 4500
008 220204s9999 xx 000 0 und d
082 _a631.416.9
_bKAB
100 _aKabata-Pendias, Alina
245 0 _aTrace elements in soils and plants
250 _aEd.2
260 _aBoca Raton
_bCRC
_c1992
650 _aSoil constituents
700 _aPendias, Henry K
942 _cBK
999 _c40496
_d40496